Historia de Egipto
Guardat en:
| Autor principal: | |
|---|---|
| Format: | Llibre |
| Idioma: | espanyol |
| Publicat: |
Madrid
Akal
2008
|
| Col·lecció: | Akal/Oriente Serie Egipto, 12
|
| Matèries: | |
| Etiquetes: |
Afegir etiqueta
Sense etiquetes, Sigues el primer a etiquetar aquest registre!
|
MARC
| LEADER | 00000nam a2200000 a 4500 | ||
|---|---|---|---|
| 001 | UCH5668 | ||
| 003 | CL-VaPUC | ||
| 008 | 091015e20080000SP |||||||||||||||||spa|d | ||
| 020 | |a 9788446025511 | ||
| 082 | 0 | 4 | |a 932 |b MAN |2 21 |
| 100 | |a Manetón |e autor |9 541977 | ||
| 245 | 1 | 0 | |a Historia de Egipto |
| 300 | |a 204 p | ||
| 942 | |c BK | ||
| 945 | |d 20091015 00:00:00 |a rbrito | ||
| 260 | |a Madrid |b Akal |c 2008 | ||
| 650 | 7 | |a HISTORIA DE EGIPTO |2 CL-VaPUC |9 445426 | |
| 650 | 0 | |a Historia antigua |9 267521 | |
| 651 | 0 | |a Egipto |9 268199 | |
| 583 | |a last modification |c 20091015 00:00:00 |k Rodrigo Vera | ||
| 490 | 0 | |a Akal/Oriente Serie Egipto, 12 | |
| 999 | |c 336770 |d 336768 | ||
| 952 | |0 0 |1 0 |4 0 |6 932_000000000000000_MAN_2008 |7 0 |8 A |9 428695 |a BIBHIS |b BIBHIS |d 2019-11-22 |i 4606175 |o 932 MAN 2008 |p 4606175 |r 2025-01-20 |w 2019-11-22 |y BK |k HIS | ||